000 00864nam a2200229Ia 4500
001 7479
003 GE_BSU
008 181216s||||||||xx |||||||||||||| ||und||
040 _cGE_BSU
080 _a621.313(035)
100 _aЖивов,М.С. Рубинштеин,Я.А.
245 _aОрганизация и экономика электромонтажного производства.
245 _bСправочник электромонтажника.
245 _cПод ред. А.Д.Смирнова, Б.А.Соколова и др.
250 _a2-е изд. перераб. и доп.
260 _aМ.
260 _bЭнергоиздат.
260 _c1982.
300 _a208 стр.19см.с илл.
653 _aОрганизация и экономика электромонтажного производства.
942 _cBK
999 _c40839
_d40839